000 00312nam a2200133Ia 4500
100 _aAmarchand/ D/ Varadharajan
942 _cBK
654 _aMarketing Introduction
245 _aAn Introduction to Marketing
260 _bVikas pub.
_aNew Delhi
_c1981
082 _a658.8
300 _a322
546 _aENGLISH
999 _c29065
_d29065